ঢাকা বিশ্ববিদ্যালয় : (Record no. 11042)
[ view plain ]
| 000 -LEADER | |
|---|---|
| fixed length control field | 01004nam a2200241 a 4500 |
| 001 - CONTROL NUMBER | |
| JCCL Control Number | 11042 |
| 003 - CONTROL NUMBER IDENTIFIER | |
| JCCL marc code | BD-JhCC |
| 005 - DATE AND TIME OF LATEST TRANSACTION | |
| control field | 20190727151329.0 |
| 008 - FIXED-LENGTH DATA ELEMENTS--GENERAL INFORMATION | |
| fixed length control field | 190627s2017 bg a|||| |||| 000 0 ben d |
| 020 ## - INTERNATIONAL STANDARD BOOK NUMBER | |
| International Standard Book Number | 9789849300137 |
| 035 ## - SYSTEM CONTROL NUMBER | |
| system control number | (BD-JhCC)11042 |
| 040 ## - CATALOGING SOURCE | |
| Original cataloging agency | BD-JhCC |
| Modifying agency | BD-JhCC |
| 041 ## - LANGUAGE CODE | |
| Language code of Book | ben |
| 082 ## - DEWEY DECIMAL CLASSIFICATION NUMBER | |
| Classification number | 378.196 |
| Author mark and Year | DHA 2017 |
| 245 ## - TITLE STATEMENT | |
| Title | ঢাকা বিশ্ববিদ্যালয় : |
| Remainder of title | নতুন যুগের সন্ধানে / |
| Statement of responsibility, etc | সম্পাদনায় ইমতিয়াজ আহমেদ এবং ইফতেখার ইকবাল |
| 260 ## - PUBLICATION, DISTRIBUTION, ETC. (IMPRINT) | |
| Place of publication, distribution, etc | ঢাকা : |
| Name of publisher, distributor, etc | প্রথমা প্রকাশ, |
| Date of publication, distribution, etc | ২০১৭. |
| 300 ## - PHYSICAL DESCRIPTION | |
| Pagination | ৩৯৯ পৃ. : |
| Dimensions | ২২ সেমি. |
| 504 ## - BIBLIOGRAPHY, ETC. NOTE | |
| Bibliography, etc | নির্দেশক অর্ন্তভূক্ত |
| 650 ## - SUBJECT ADDED ENTRY--TOPICAL TERM | |
| Topical term or geographic name as entry element | Educational Institutions |
| Geographic subdivision | Dhaka University, Bangladesh |
| 700 ## - ADDED ENTRY--PERSONAL NAME | |
| Personal name | আহমেদ, ইমতিয়াজ |
| 700 ## - ADDED ENTRY--PERSONAL NAME | |
| Personal name | ইকবাল, ইফতেখার |
| 942 ## - ADDED ENTRY ELEMENTS (KOHA) | |
| Source of classification or shelving scheme | Dewey Decimal Classification |
| Koha item type | Books |
| Source of classification or shelving scheme | Damaged status | Not for loan | Home library | Current library | Shelving location | Date of accession | Cost, normal purchase price | Total Checkouts | Full call number | Barcode | Date last seen | Copy number | Koha item type |
|---|---|---|---|---|---|---|---|---|---|---|---|---|---|
| Dewey Decimal Classification | JCC Rouf Library | JCC Rouf Library | General Stacks | 06/27/2017 | 700.00 | 378.196 DHA 2017 | 14954 | 07/27/2019 | C-1 | Books |